04454 a2200457 45000010006000000050017000060080041000230030015000640400040000790800031001192450128001500200022002782640031003003000024003315052960003550410008033151000018033237000019033417000029033607000023033897000023034127000034034357000029034697000019034987000027035177000029035447000022035737000019035957000033036147000022036477000025036697000027036947000030037217000028037517000021037797000020038007000032038207000023038527000026038758560095039015742320260407155836.0260407a2016 arg spa dAR-UNSa-BCEJYS aAR-UNSa-BCEJYSbspacAR-UNSa-BCEJYS a349.2xDerecho del Trabajo10aDerecho del trabajopun estudio sobre las implicancias del nuevo Código Civil y Comercial desde una perspectiva crítica a978-9974-745-03-2 1aMontevideo :bB de Fc2016 axix, 417 p.c23 cm. a1. Algunas pocas viñetas en torno de la precariedad laboral / Tomás Raffo - 2.2. Estrategias empresariales en la era de globalización .Tercerización y repuestas de los trabajadores / Daniel Ximenez Sáez – 3.La tercerización como estrategia de reformulación de las formulación de las relaciones laborales / Victoria Basualdo y Alejandra Esponda – 4. Principio de interpretación y aplicación de la constitución y normales internacionales de los derechos humanos. Principios del derecho de trabajo y justicia social / David Duarte – 5. La interpretación de la norma laboral en el derecho argentino / Antonio Barrera Nicholson – 6. Fuentes del derecho del trabajo / Enrique Mario Rozenberg – 7. Personas jurídicas en la relación laboral y el código civil y comercial / Cesar Arese – 8. El trabajo de las personas menores y sus relaciones familiares en el código civil y comercial en conjunción con las normas laborales /Liliana Hebe Litterio – 9. El trabajo infantil y adolecente y la incidencia de la reforma del código civil y comercial de la nación / María Martha Terrango – 10. La inoponibilidad de la personalidad jurídica en el derecho de trabajo tras la reforma del código civil (Actual código civil y comercial de la nación) / Diana R. Cañal – 11.Una teoría general especifica de las obligaciones laborales y el nuevo código civil y comercial unificado (una visión algo cinéfila) / Mario Elffman - 12. El nuevo código Civil y comercial y su incidencia en la corrosión del derecho de trabajo .El caso particular de los contratos de suministro, obra y servicios / Guillermo E. Pérez Crespo – 13. Los contratos asociados en el nuevo código civil y comercial en relación a los derechos de los trabajadores. La historia inacabada de la insolidaridad empresaria / Guillemo Pajoni – 14. El agente como figura legal fraudulento en el nuevo código civil y comercial /Leonardo Elgorriaga – 15. Los contratos de concesión y franquicias en el código civil y comercial .Sus relaciones con el derecho de trabajo / Antonio J. Barrera Nicholson – 16.El fideicomiso en el nuevo código civil y comercial y en marco de relaciones laborales / Hugo Roberto Mansueti – 17. La protección del crédito laboral mediante el régimen de privilegios en el nuevo código civil y comercial / Gabriela Fernanda Boquin – 18.El deber de prevención del daño,la acción preventiva(art 1710 y 1711,CC YC), y sus aplicaciones en el mundo laboral / Luis Enrique Ramirez – 19. Las fundaciones (Preventiva y resarcitoria) de la responsabilidad civil en el nuevo código y su influencia en materia de daño laboral / Juan J.Formaro – 20.Los daños punitivos en el ámbito del derecho laboral Daniel Favier – 21.La responsabilidad del estado en el nuevo código civil y comercial de la nación / Horacio Ricardo Gonzalez Matias Cremonte y Alexis Barraza.  aspa1 aDuarte, David1 aRaffo, Tomás1 aXiménez Sáez, Daniel1 aBasualdo, Victoria1 aEsponda, Alejandra1 aBarrera Nicholson, Antonio J.1 aRozenberg, Enrique Mario1 aArese, César1 aLitterio, Liliana Hebe1 aTerragno, María Martha1 aCañal, Diana R.1 aElffman, Mario1 aPérez Crespo, Guillermo E.1 aPajoni, Guillermo1 aElgorriaga, Leonardo1 aMansueti, Hugo Roberto1 aBoquin, Gabriela Fernanda1 aRamírez, Luis Enrique1 aFormaro, Juan J.1 aFavier, Daniela1 aGonzález, Horacio Ricardo1 aCremonte, Matías1 aBarraza, Mario Alexis41uhttps://biblioeco.unsa.edu.ar/pmb/images/libros/L128777.jpgyImagen de portadaqimage/jpeg